Bleu Lumière - Vaïana (Paroles) - Statistiques

Statistiques générales
  • Ce quiz a été pris 8 586 fois
  • Le résultat moyen est 182 sur 232
Statistiques - réponses
Paroles % Correct
bleu
100%
Le
100%
le
100%
de
99%
la
99%
Me
99%
me
99%
mer
99%
Ce
98%
ce
98%
ciel
98%
je
98%
Je
98%
ne
98%
pas
98%
que
98%
Que
98%
du
97%
ma
96%
moi
96%
Moi
96%
n'est
96%
préfère
96%
sans
96%
Pour
95%
à
94%
pourquoi
94%
savoir
94%
et
93%
lumière
93%
J'ai
92%
j'ai
92%
vraiment
91%
reste
90%
mes
89%
89%
terre
88%
les
87%
Les
87%
m'appelle
87%
partirai
87%
cesse
86%
Chacun
86%
chacun
86%
gestes
86%
ramène
86%
un
86%
Un
86%
tous
85%
trésor
85%
Vers
85%
beau
84%
Cache
84%
dire
84%
tant
84%
fidèle
83%
touche
83%
vent
83%
L'horizon
82%
ignorent
80%
J'aimerais
80%
rester
80%
malgré
79%
promesses
79%
fois
78%
qui
78%
éphémère
77%
l'eau
76%
Oublier
76%
se
76%
plus
75%
essayé
74%
Il
72%
haut
71%
toujours
70%
loin
69%
faut
67%
mon
67%
histoire
66%
son
66%
temps
66%
Si
65%
île
64%
j'irai
64%
lève
64%
C'est
63%
aimer
62%
doucement
62%
encore
61%
jour
59%
y
59%
croire
58%
pars
58%
révèle
58%
Mais
57%
passe
57%
veux
57%
place
55%
là-bas
54%
trouverai
54%
ceux
53%
veulent
52%
accompagner
51%
comprends
51%
rendre
51%
D'aller
50%
droit
50%
garder
50%
tout
50%
prendrai
48%
cette
47%
guider
47%
grands
46%
d'or
45%
ses
45%
voix
44%
reflets
43%
voir
43%
autrement
42%
soleil
42%
sur
42%
cachée
40%
pense
40%
éternelle
38%
l'espoir
37%
peux
37%
vient
36%
danser
35%
tapis
34%
derrière
33%
rivages
33%
nouveaux
32%
nuages
32%
sous
31%
Elle
30%
m'attend
22%
Aucun quiz correspondant
Distribution des résultats
% des personnes avec chaque résultat
Percentile par nombre de réponses
Votre historique - résultats
Vous n’avez pas pris ce quiz